| 000 | 00683nmc a2200241 a 4500 | ||
|---|---|---|---|
| 003 | AR-BaBNM | ||
| 005 | 20251128211217.0 | ||
| 008 | 113020s1961 ||||||||||||||000 | spa|| | ||
| 040 | _cAR-BaBNM | ||
| 245 | 1 | 0 |
_aMigración internacional y desarrollo económico _bevaluación crítica y bibliografía |
| 260 |
_aParis _bUnesco _c1961 |
||
| 300 | _a89 p. | ||
| 490 | 0 | _aPoblación y cultura | |
| 650 | 4 | _aINMIGRACION | |
| 650 | 4 | _aMIGRACION DE PERSONAS | |
| 650 | 4 | _aANTROPOLOGIA CULTURAL Y SOCIAL | |
| 650 | 4 | _aCOSTUMBRES Y TRADICIONES | |
| 650 | 4 | _aINTEGRACION CULTURAL | |
| 650 | 4 | _aPOLITICA MIGRATORIA | |
| 700 | 1 | _aThomas, Brinley | |
| 942 | _cBK | ||
| 998 | _cMariana | ||
| 999 |
_c18735 _d18735 |
||